Представление документа в формате RUSMARC

Поле Инд. ПП Название Значение
Тип записи a
Библиографический уровень a
001 Контрольный номер f60c9593c0784cf7913a0e2cd2e60538
005 Дата корректировки 20181124200639.0
100 a Данные общей обработки 20180910 ||| 0rusy0189 ca
101 0_ a Язык текста rus
102 a Страна публикации RU
200 1_ f Первые сведения об ответственности А.В. Попов, Г.С. Захарова
a Заглавие Проблемы кадастрового учета земель придомовой территории
b Общее обозначение материала Текст
210 d Дата издания 2018
461 _0 1 2000
a Закон и право
463 _0 1 2000
a №7
v С. 83-88
1 2101
d 2018
1 001b8a5a39af1b24267bb2eb63b09745d65
606 a Основная рубрика Природоресурсное право. Природоохранительное право
610 0_ a Ключевые слова ЗЕМЕЛЬНОЕ ПРАВО
a Ключевые слова ЗЕМЕЛЬНЫЙ КАДАСТР
a Ключевые слова ЗЕМЕЛЬНЫЕ СПОРЫ
700 _1 a Фамилия Попов
b Имя А.В.
701 _1 a Фамилия Захарова
b Имя Г.С.
801 _0 a Страна RU
b Организация РГУП
c Дата составления 20180910
g Правила каталогизации PSBO
801 _1 a Страна RU
b Организация РГУП
c Дата составления 20180910
g Правила каталогизации PSBO
901 t Тип документа b
w Контрольный № источника b8a5a39af1b24267bb2eb63b09745d65
905 a Дата ввода 20180910